000 00698nam a22002297a 4500
003 OSt
005 20260312015816.0
008 260312b |||||||| |||| 00| 0 eng d
020 _a981-265-766-5.
040 _aDWCL Main lib
_cOC
082 _26th ed.
_aCirc. 570 S796 2006
100 _aEvers, Christine A.
245 _aBiology :
_bconcepts and applications with human emphasis
_cChristine A. Evers
250 _a6th ed.
260 _aSingapore :
_bThomson Learning Asia,
_cc2006.
300 _axx, 795 p. :
_bill. ;
_c25 cm. +
_e1 CD-ROM.
504 _aIncludes index.
650 _aBiology.
700 _aLisa Starr
700 _dCecie Starr
942 _2ddc
_cBK-CIRC
_e6th ed.
_kCirc.
_n0
999 _c8996
_d8996